000 00521nam a2200145Ia 4500
008 100204s9999 xx 000 0 und d
082 _b9114
100 _aमुधोळकर रमेश
245 _aभारतीय शास्त्रज्ञ :
260 _b"श्रीराम बुक एजन्सी, पुणे 30"
_c1986
300 _a59
630 _aभारतीय शास्त्रज्ञ :
730 _aभारतीय शास्त्रज्ञ :
942 _cBOOK
999 _c453550
_d453547